000 00937nam a22001935i 4500
001 159061
003 ES-MaACL
005 20231228063236.0
008 940301s1878 sp |||| | spa d
040 _aAS
_bspa
100 1 _aMartos, Cristino,
_d1830-1893
_978547
245 1 0 _aDiscurso pronunciado por... Cristino Martos, presidente de la Academia matritense de jurisprudencia y legislación en la sesión inaugural del Curso de 1878 a 79 celebrada el 30 de noviembre de 1878.
260 _aMadrid :
_b[s.n.],
_c1878 (
_fImprenta del Ministerio de Gracia y Justicia)
300 _a37 p. ;
_c24 cm.
710 _aAcademia Matritense de Jurisprudencia y Legislación.
_91204
852 _aES-MaACL
_jT-318-F-4
_z-- Enc. hol.
_q-- Falto de la cub. original
_z-- Enc. en un vol. facticio
852 _aES-MaACL
_jT-377-F-10
_z-- Enc. hol.
_q-- Falto de la cub. original
_z-- Enc. en un vol. facticio
999 _c159061
_d159061